00243nam a2200097Ia 4500008004100000041000800041100002200049245004200071260002400113365000800137231011s9999 xx 000 0 und d aeng aEugene F.Brigham. aFundamentals Of Financial Management. bThe Dryden Press. - b250